000
00218 a2200097 4500
001
28336
100
_a
Kolkowiez, etc
245
_a
Soviet Union and Arms Control
260
_a
_b
Johns Hopkins
_c
090
_c
18945
_d
18945
942
_a
NUST-CAE
_c
M
_c
9941
999
_c
263409
_d
263409